Niemieckie słowa po polsku - Statystyki

Ogólne statystyki
  • Ten quiz został rozwiązany 301 razy
  • Średni wynik to 14 z 22
Statystyki odpowiedzi
Polski Niemiecki % Poprawnych
Tak Ja
98%
Nie Nein
95%
Polska Polen
89%
Dom Haus
83%
Niemcy Deutschland
81%
Imię Name
80%
Babcia Oma
80%
Dziadek Opa
80%
Piłka Nożna Fußball
76%
Mały Klein
73%
Duży Groß
72%
Monachium München
69%
Słońce Sonne
68%
Pieniądze Geld
64%
Wrocław Breslau
58%
Północ Nord
47%
Południe Süd
45%
Tam Da
42%
Ściana Wand
40%
Bo Weil
39%
Kamień Stein
37%
Czemu Wieso
12%
Nie znaleziono quizów pasujących do podanych kryteriów
Rozkład punktacji
Procent ludzi z każdym wynikiem
Percentyl według liczby udzielonych odpowiedzi
Twoja historia wyników
Nie rozwiązałeś tego quizu